000 05177nam a22006615i 4500
001 978-3-030-63453-7
003 DE-He213
005 20260304124141.0
007 cr nn 008mamaa
008 210510s2021 sz | s |||| 0|eng d
020 _a9783030634537
_9978-3-030-63453-7
024 7 _a10.1007/978-3-030-63453-7
_2doi
050 4 _aRD592.5-596
072 7 _aMNN
_2bicssc
072 7 _aMED085010
_2bisacsh
072 7 _aMNN
_2thema
082 0 4 _a617.48
_223
245 1 0 _aTrends in Cerebrovascular Surgery and Interventions
_h[electronic resource] /
_cedited by Giuseppe Esposito, Luca Regli, Marco Cenzato, Yasuhiko Kaku, Michihiro Tanaka, Tetsuya Tsukahara.
250 _a1st ed. 2021.
264 1 _aCham :
_bSpringer International Publishing :
_bImprint: Springer,
_c2021.
300 _aVI, 149 p. 64 illus., 45 illus. in color.
_bonline resource.
336 _atext
_btxt
_2rdacontent
337 _acomputer
_bc
_2rdamedia
338 _aonline resource
_bcr
_2rdacarrier
347 _atext file
_bPDF
_2rda
490 1 _aActa Neurochirurgica Supplement,
_x2197-8395 ;
_v132
505 0 _a1 History of the European-Japanese Cerebrovascular Congress -- PART I INTRACRANIAL ANEURYSMS -- 2 When is Diagnostic Subtraction Angiography Indicated Before Clipping of Unruptured and Ruptured Intracranial Aneurysms? An International Survey of Current Practice -- 3 Current Strategies in the Treatment of Intracranial Large and Giant Aneurysms -- 4 Computational Fluid Dynamics for Cerebral Aneurysms in Clinical Settings -- 5 Microneurosurgical Management of Posterior Inferior Cerebellar Artery Aneurysms: Results of a Consecutive Series -- 6 Posterior Circulation Aneurysms: A Critical Appraisal of a Surgical Series in Endovascular Era -- 7 Microneurosurgery for Paraclinoid Aneurysms in the Context of Flow Diverters Revolution -- PART II CEREBRAL REVASCULARIZATION -- 8 Characteristic Pattern of the Cerebral Hemodynamic Changes in the Acute Stage After Combined Revascularization Surgery for Adult Moyamoya Disease: N-isopropyl-p-[123I] iodoamphetamine Single-Photon Emission Computed Tomography Study -- 9 Outcomes of Balloon Angioplasty and Stenting for Symptomatic Intracranial Atherosclerotic Stenosis At a High Volume Center -- PART III ARTERIOVENOUS MALFORMATIONS AND DURAL ARTERIOVENOUS FISTULAS -- 10 Living with a Brain AVM: A Quality of Life Assessment -- 11 Complications in AVM Surgery -- 12 Surgical Simulation with Three-Dimensional Fusion Images in Patients with Arteriovenous Malformation -- 13 Surgical Treatment of Unruptured Brain AVMs: Short and Long Term Results -- 14 Maximum Nidus Depth as a Risk Factor of Surgical Morbidity in Eloquent Brain Arteriovenous Malformations -- 15 Brain Arteriovenous Malformations Classifications: A Surgical Point of View -- 16 The Pre-Operative Functional Downgrading of Brain AVMs -- 17 Intracranial Dural Arteriovenous Fistulas - The Sinus and Non Sinus Concept -- 18 Complications of Endovascular Treatment of Intracranial Dural Arteriovenous Fistulas -- 19 Spinal Dural AVFs, Classifications and Advanced Imaging -- PART IV MISCELLANEOUS -- 20 Intra-Operative BOLD-fMRI Cerebrovascular Reactivity Assessment -- 21 The Hybrid Neurosurgeon –The Japanese Experience.
506 0 _aOpen Access
520 _aThis is an open access proceeding book of 9th European-Japanese Cerebrovascular Congress at Milan 2018. Since many experts from Europe and Japan had very important and fruitful discussion on the management of Cerebrovascular diseases, the proceeding book is very attractive for the physician and scientists of the area.
650 0 _aNervous system
_xSurgery.
650 0 _aNervous system
_xRadiography.
_913391
650 0 _aRadiology.
650 0 _aNeurology .
650 1 4 _aNeurosurgery.
650 2 4 _aNeuroradiology.
_913392
650 2 4 _aRadiology.
650 2 4 _aNeurology.
700 1 _aEsposito, Giuseppe.
_eeditor.
_4edt
_4http://id.loc.gov/vocabulary/relators/edt
_921700
700 1 _aRegli, Luca.
_eeditor.
_0(orcid)0000-0001-8687-3109
_1https://orcid.org/0000-0001-8687-3109
_4edt
_4http://id.loc.gov/vocabulary/relators/edt
_921703
700 1 _aCenzato, Marco.
_eeditor.
_4edt
_4http://id.loc.gov/vocabulary/relators/edt
_923593
700 1 _aKaku, Yasuhiko.
_eeditor.
_4edt
_4http://id.loc.gov/vocabulary/relators/edt
_921701
700 1 _aTanaka, Michihiro.
_eeditor.
_4edt
_4http://id.loc.gov/vocabulary/relators/edt
_923594
700 1 _aTsukahara, Tetsuya.
_eeditor.
_4edt
_4http://id.loc.gov/vocabulary/relators/edt
_921704
710 2 _aSpringerLink (Online service)
773 0 _tSpringer Nature eBook
776 0 8 _iPrinted edition:
_z9783030634520
776 0 8 _iPrinted edition:
_z9783030634544
776 0 8 _iPrinted edition:
_z9783030634551
830 0 _aActa Neurochirurgica Supplement,
_x2197-8395 ;
_v132
_917946
856 4 0 _uhttps://doi.org/10.1007/978-3-030-63453-7
912 _aZDB-2-SME
912 _aZDB-2-SXM
912 _aZDB-2-SXPE
912 _aZDB-2-SOB
999 _c570596
_d570596